Taifa : (Record no. 123149)
[ view plain ]
| 000 -LEADER | |
|---|---|
| fixed length control field | 01979cam a2200445 a 4500 |
| 001 - CONTROL NUMBER | |
| control field | 9549408 |
| 003 - CONTROL NUMBER IDENTIFIER | |
| control field | ARRUPE |
| 005 - DATE AND TIME OF LATEST TRANSACTION | |
| control field | 20150827140329.0 |
| 008 - FIXED-LENGTH DATA ELEMENTS--GENERAL INFORMATION | |
| fixed length control field | 120202s2012 ohub b s001 0 eng c |
| 010 ## - LIBRARY OF CONGRESS CONTROL NUMBER | |
| LC control number | 2012004955 |
| 020 ## - INTERNATIONAL STANDARD BOOK NUMBER | |
| International Standard Book Number | 9780821420010 (pb : alk. paper) |
| 020 ## - INTERNATIONAL STANDARD BOOK NUMBER | |
| International Standard Book Number | 0821420011 (pb : alk. paper) |
| 020 ## - INTERNATIONAL STANDARD BOOK NUMBER | |
| International Standard Book Number | 9780821444177 (electronic) |
| 020 ## - INTERNATIONAL STANDARD BOOK NUMBER | |
| International Standard Book Number | 0821444174 (electronic) |
| 024 ## - OTHER STANDARD IDENTIFIER | |
| Standard number or code | 40021112079 |
| 035 ## - SYSTEM CONTROL NUMBER | |
| System control number | (OCoLC)ocn768800621 |
| 035 ## - SYSTEM CONTROL NUMBER | |
| System control number | (OCoLC)768800621 |
| 035 ## - SYSTEM CONTROL NUMBER | |
| System control number | (NNC)9549408 |
| 040 ## - CATALOGING SOURCE | |
| Original cataloging agency | IEN/DLC |
| Language of cataloging | eng |
| Transcribing agency | INU |
| Modifying agency | DLC |
| -- | BTCTA |
| -- | YDXCP |
| -- | BDX |
| -- | OCLCO |
| 042 ## - AUTHENTICATION CODE | |
| Authentication code | pcc |
| 043 ## - GEOGRAPHIC AREA CODE | |
| Geographic area code | f-tz--- |
| 050 00 - LIBRARY OF CONGRESS CALL NUMBER | |
| Classification number | DT449.D3 |
| Item number | B74 2012 |
| 082 04 - DEWEY DECIMAL CLASSIFICATION NUMBER | |
| Classification number | 967.8232 |
| Edition number | 23 |
| 300 ## - PHYSICAL DESCRIPTION | |
| Other physical details | maps ; |
| Dimensions | 23 cm. |
| 100 1# - MAIN ENTRY--PERSONAL NAME | |
| Personal name | Brennan, James R., |
| Titles and other words associated with a name | Dr. |
| 9 (RLIN) | 18994 |
| 245 10 - TITLE STATEMENT | |
| Title | Taifa : |
| Remainder of title | making nation and race in urban Tanzania / |
| Statement of responsibility, etc | James R. Brennan. |
| 260 ## - PUBLICATION, DISTRIBUTION, ETC. (IMPRINT) | |
| Place of publication, distribution, etc | Athens : |
| Name of publisher, distributor, etc | Ohio University Press, |
| Date of publication, distribution, etc | c2012. |
| 300 ## - PHYSICAL DESCRIPTION | |
| Extent | xi, 292 p. : |
| 490 1# - SERIES STATEMENT | |
| Series statement | New African histories |
| 504 ## - BIBLIOGRAPHY, ETC. NOTE | |
| Bibliography, etc | Includes bibliographical references (p. 263-281) and index. |
| 505 0# - FORMATTED CONTENTS NOTE | |
| Formatted contents note | Native and non-native: colonial urbanization and the legal foundations of identity -- Identity and social structure in interwar Dar es Salaam -- Posing the urban question: war, state intervention, and the creation of urban entitlement -- Continental shift: civilization, racial thought, and the intellectual foundations of an African nationalism -- Nationalist thought, racial caricature, and urban citizenship in postcolonial Tanzania. |
| 650 #0 - SUBJECT ADDED ENTRY--TOPICAL TERM | |
| Topical term or geographic name as entry element | Ethnicity |
| Geographic subdivision | Tanzania |
| -- | Dar es Salaam |
| General subdivision | History. |
| 9 (RLIN) | 18995 |
| 650 #0 - SUBJECT ADDED ENTRY--TOPICAL TERM | |
| Topical term or geographic name as entry element | Nationalism |
| Geographic subdivision | Tanzania |
| -- | Dar es Salaam |
| General subdivision | History. |
| 9 (RLIN) | 18996 |
| 650 #0 - SUBJECT ADDED ENTRY--TOPICAL TERM | |
| Topical term or geographic name as entry element | Urbanization |
| Geographic subdivision | Tanzania |
| -- | Dar es Salaam |
| General subdivision | History. |
| 9 (RLIN) | 18997 |
| 651 #0 - SUBJECT ADDED ENTRY--GEOGRAPHIC NAME | |
| Geographic name | Dar es Salaam (Tanzania) |
| General subdivision | Race relations |
| -- | History. |
| 9 (RLIN) | 18998 |
| 651 #0 - SUBJECT ADDED ENTRY--GEOGRAPHIC NAME | |
| Geographic name | Dar es Salaam (Tanzania) |
| General subdivision | Social conditions. |
| 9 (RLIN) | 18999 |
| 830 #0 - SERIES ADDED ENTRY--UNIFORM TITLE | |
| Uniform title | New African histories series. |
| 9 (RLIN) | 9134 |
| 942 ## - ADDED ENTRY ELEMENTS (KOHA) | |
| Source of classification or shelving scheme | Library of Congress Classification |
| Koha item type | Monograph ( Printed materials) |
| 948 1# - LOCAL PROCESSING INFORMATION (OCLC); SERIES PART DESIGNATOR (RLIN) | |
| Series part designator, SPT (RLIN) | 20120801 |
| b (OCLC) | c |
| c (OCLC) | sl13 |
| d (OCLC) | MPS |
| Withdrawn status | Lost status | Source of classification or shelving scheme | Damaged status | Not for loan | Collection code | Home library | Current library | Shelving location | Date acquired | Total Checkouts | Full call number | Barcode | Date last seen | Date checked out | Price effective from | Koha item type |
|---|---|---|---|---|---|---|---|---|---|---|---|---|---|---|---|---|
| Library of Congress Classification | Main Collection | ARRUPE LIBRARY | ARRUPE LIBRARY | Main Collection | 27/08/2015 | 2 | DT449.D3B74 2012 | 46500004337 | 13/03/2023 | 13/02/2023 | 27/08/2015 | Monograph ( Printed materials) |